Plan de prevención de riesgos laborales en el Taller de Especialidades en Frenos y Embragues ubicado en el Distrito I de la zona urbana de la ciudad de Managua, Nicaragua

El presente estudio se desarrolló con el objetivo de proponer un plan de prevención de riesgos laborales en el taller de especialidades en frenos y embragues ubicado en la cuidad de Managua, estableciendo las medidas para asegurar la seguridad y salud de los trabajadores en todos los puestos de tr...

Full description

Bibliographic Details
Main Authors: Vásquez Bravo, María Gabriela, Chávez Rivas, Omar Antonio
Other Authors: Tutor: Gutiérrez Martínez, Marbel Evaristo
Format: Tesis Section = Libro
Language:Undetermined
Spanish
Published: Managua UNI 2020
Subjects:
LEADER 01306nam a2200277Ia 4500
008 240830s9999 xx 000 0 und d
040 |a BIBLIOTECA-RUPAP Mon 363.11 V335 
041 |a spa 
082 |a Mon 363.11 V335 
100 1 |a Vásquez Bravo, María Gabriela 
100 1 |b  Chávez Rivas, Omar Antonio 
245 1 0 |a Plan de prevención de riesgos laborales en el Taller de Especialidades en Frenos y Embragues ubicado en el Distrito I de la zona urbana de la ciudad de Managua, Nicaragua 
260 |a Managua  |b UNI  |c 2020 
300 |a 142 p. :il. 
500 |a Contiene: anexos y CD. 
502 |a Tesis (Ingeniero Industrial)- UNI, 2020. 
520 3 |a El presente estudio se desarrolló con el objetivo de proponer un plan de prevención de riesgos laborales en el taller de especialidades en frenos y embragues ubicado en la cuidad de Managua, estableciendo las medidas para asegurar la seguridad y salud de los trabajadores en todos los puestos de trabajo de la empresa. 
650 7 |a RIESGOS OCUPACIONALES 
650 7 |b ACCIDENTES DE TRABAJO-PREVENCION 
650 7 |c ENFERMEDADES PROFESIONALES 
650 7 |d HIGIENE Y SEGURIDAD LABORAL 
650 7 |e RIESGOS INDUSTRIALES 
700 1 |a Tutor:  |b Gutiérrez Martínez, Marbel Evaristo 
942 |c BK  |2 ddc 
991 |a TESIS 
999 |c 15509